[Event "BL2-West 2122"]
[Site "Germany"]
[Date "2022.06.18"]
[Round "7.7"]
[White "Michalczak, Thomas"]
[Black "Roos, Thomas"]
[Result "0-1"]
[WhiteElo "2258"]
[BlackElo "2164"]
[PlyCount "98"]
[EventDate "2022.03.05"]
[EventType "team-tourn"]
[EventRounds "10"]
[EventCountry "GER"]
[SourceTitle "EXT 2023"]
[Source "ChessBase"]
[SourceDate "2022.10.05"]
[SourceVersion "1"]
[SourceVersionDate "2022.10.05"]
[SourceQuality "1"]
[WhiteTeam "Solingen II"]
[BlackTeam "Heimbach Weis/Neuwied"]
[WhiteTeamCountry "GER"]
[BlackTeamCountry "GER"]

1. e4 c5 2. Nf3 d6 3. d4 cxd4 4. Nxd4 Nf6 5. Nc3 Nc6 6. Bg5 e6 7. Qd2 Be7 8. 0-0-0 0-0 9. f4 Nxd4 10. Qxd4 Qa5 11. Bc4 Bd7 12. e5 dxe5 13. fxe5 Bc6 14. Rhe1 Nd5 15. Bxe7 Nxe7 16. Bd3 Qc7 17. Re3 Rfd8 18. Qg4 Rac8 19. Rf1 Ng6 20. Qh5 Be8 21. g4 b5 22. g5 Rxd3 23. Rxd3 b4 24. Rh3 Nf8 25. g6 fxg6 26. Qh4 a5 27. Qf2 Bc6 28. Nd1 Be4 29. Ne3 h6 30. Re1 g5 31. Rg3 Ng6 32. Kb1 a4 33. b3 axb3 34. axb3 Qa7 35. Rg4 Bxc2+ 36. Qxc2 Rxc2 37. Nxc2 Qf2 38. Rxb4 Nf4 39. Rb8+ Kf7 40. b4 Nd5 41. b5 Nb4 42. Rc1 Nd3 43. Rd1 Qe2 44. Rxd3 Qxd3 45. b6 Qb5+ 46. Kc1 Qxe5 47. Rc8 Qxh2 48. Kb2 Qd6 49. Rc7+ Kg6 0-1

[Event "GER-CupT 2122 prel6"]
[Site "Bensheim"]
[Date "2022.03.26"]
[Round "1.3"]
[White "Goeke, Bernd"]
[Black "Roos, Thomas"]
[Result "1/2-1/2"]
[WhiteElo "1951"]
[BlackElo "2175"]
[PlyCount "108"]
[EventDate "2022.03.26"]
[EventType "team-k.o."]
[EventRounds "2"]
[EventCountry "GER"]
[SourceTitle "EXT 2023"]
[Source "ChessBase"]
[SourceDate "2022.10.05"]
[SourceVersion "1"]
[SourceVersionDate "2022.10.05"]
[SourceQuality "1"]
[WhiteTeam "Bensheim"]
[BlackTeam "Heimbach Weis/Neuwied"]
[WhiteTeamCountry "GER"]
[BlackTeamCountry "GER"]

1. Nf3 d6 2. d4 Nf6 3. c4 Nbd7 4. Nc3 e5 5. e4 Be7 6. Be2 0-0 7. 0-0 c6 8. Qc2 a6 9. a4 a5 10. h3 Re8 11. Be3 Qc7 12. Rfe1 exd4 13. Nxd4 Nc5 14. f4 Bf8 15. Bf3 g6 16. Rad1 Ne6 17. g4 h6 18. Qd2 Kh7 19. Bf2 Nd7 20. Nde2 Nec5 21. Qc2 Be7 22. Kg2 Bf8 23. b3 Kg8 24. Bg3 Qb6 25. Nc1 Qd8 26. N1a2 Qb6 27. Nc1 Qd8 28. Rd2 Qf6 29. N3e2 g5 30. fxg5 hxg5 31. Nd4 Ne5 32. Nf5 Nxf3 33. Kxf3 Bxf5 34. exf5 Rxe1 35. Bxe1 Nd7 36. Re2 Ne5+ 37. Kg2 Qe7 38. Bc3 Bg7 39. Qd2 b6 40. Qe3 Rb8 41. Nd3 f6 42. Nxe5 dxe5 43. Rd2 Bf8 44. Qd3 Rb7 45. Qd8 Qxd8 46. Rxd8 Kf7 47. h4 gxh4 48. Be1 c5 49. Bxh4 Be7 50. Rd2 Rb8 51. Kf3 Rh8 52. Bg3 Rg8 53. Rd7 Ke8 54. Rd2 Rg7 1/2-1/2

[Event "Oberliga Sued W 1920"]
[Site "Germany"]
[Date "2019.11.24"]
[Round "3.6"]
[White "Hauer, Andreas"]
[Black "Roos, Thomas"]
[Result "0-1"]
[WhiteElo "1928"]
[BlackElo "2122"]
[PlyCount "114"]
[EventDate "2019.09.29"]
[EventType "team-tourn"]
[EventRounds "9"]
[EventCountry "GER"]
[SourceTitle "EXT 2021"]
[Source "ChessBase"]
[SourceDate "2020.10.23"]
[SourceVersion "1"]
[SourceVersionDate "2020.10.23"]
[SourceQuality "1"]

1. c4 d6 2. Nc3 e5 3. Nf3 f5 4. d4 e4 5. Ng5 Be7 6. Nh3 c6 7. e3 Nf6 8. Be2 Na6 9. Nf4 Nc7 10. b3 d5 11. Bd2 0-0 12. 0-0 g5 13. Nh5 Nxh5 14. Bxh5 g4 15. f3 exf3 16. gxf3 Bd6 17. c5 Bxh2+ 18. Kxh2 Qh4+ 19. Kg1 Qg3+ 20. Kh1 Qh3+ 21. Kg1 Qxh5 22. Rf2 Bd7 23. Rh2 Qg6 24. Rg2 Rf7 25. Qe1 Ne6 26. f4 h5 27. Qh4 Rh7 28. Ne2 Kf7 29. Nc1 Qg7 30. Nd3 Nxd4 31. Rf1 Ne6 32. Ne5+ Ke8 33. Rc1 Qe7 34. Be1 Qxh4 35. Bxh4 Nf8 36. Rb2 Be6 37. b4 Nd7 38. b5 Nxe5 39. fxe5 Bd7 40. bxc6 Bxc6 41. Rh2 Kd7 42. Kf2 Ke6 43. Bf6 Rg8 44. Kg3 Be8 45. Rb1 Rf8 46. Rb3 Bc6 47. Ra3 a6 48. Rb3 Rc8 49. Rb6 Rcc7 50. Kf4 Rcd7 51. Rb4 a5 52. Rb3 d4 53. Rd3 dxe3 54. Rxd7 Rxd7 55. Kxe3 g3 56. Rxh5 g2 57. Rg5 Rd1 0-1

[Event "RLP Seniors op 17th"]
[Site "Neustadt an der Weinstrasse"]
[Date "2019.07.26"]
[Round "7"]
[White "Roos, Thomas"]
[Black "Syre, Christian"]
[Result "1/2-1/2"]
[WhiteElo "2122"]
[BlackElo "2204"]
[PlyCount "34"]
[EventDate "2019.07.20"]
[EventType "swiss"]
[EventRounds "9"]
[EventCountry "GER"]
[SourceTitle "CBM 192 Extra"]
[Source "Chessbase"]
[SourceDate "2019.11.06"]
[SourceVersion "1"]
[SourceVersionDate "2019.11.06"]
[SourceQuality "1"]

1. d4 Nf6 2. c4 d6 3. Nf3 g6 4. Nc3 Bg7 5. e4 0-0 6. Be2 Nbd7 7. 0-0 e5 8. Qc2 Re8 9. Rd1 exd4 10. Nxd4 Nc5 11. f3 Nh5 12. g4 Be5 13. gxh5 Bxh2+ 14. Kxh2 Qh4+ 15. Kg1 Qg3+ 16. Kh1 Qh3+ 17. Kg1 Qg3+ 1/2-1/2

[Event "RLP Seniors op 17th"]
[Site "Neustadt an der Weinstrasse"]
[Date "2019.07.21"]
[Round "2"]
[White "Dickel, Gisbert"]
[Black "Roos, Thomas"]
[Result "0-1"]
[WhiteElo "1931"]
[BlackElo "2122"]
[PlyCount "80"]
[EventDate "2019.07.20"]
[EventType "swiss"]
[EventRounds "9"]
[EventCountry "GER"]
[SourceTitle "CBM 192 Extra"]
[Source "Chessbase"]
[SourceDate "2019.11.06"]
[SourceVersion "1"]
[SourceVersionDate "2019.11.06"]
[SourceQuality "1"]

1. d4 Nf6 2. Bg5 e6 3. Nd2 h6 4. Bh4 Be7 5. e4 d6 6. Bd3 Nbd7 7. Ne2 e5 8. c3 Nf8 9. d5 Nxd5 10. exd5 Bxh4 11. Qc2 Nd7 12. Nb3 Bf6 13. Ng3 g6 14. 0-0 0-0 15. a4 Bg7 16. a5 a6 17. Ra4 f5 18. c4 e4 19. Be2 Qf6 20. Ra2 h5 21. Rd1 Ne5 22. Nd2 Bh6 23. Ngf1 Rf7 24. b4 Bd7 25. Nb3 h4 26. c5 Qg5 27. Nd4 Re8 28. Kh1 f4 29. f3 h3 30. g3 exf3 31. Bd3 fxg3 32. hxg3 Nxd3 33. Qxd3 Qxd5 34. Rf2 Qh5 35. c6 bxc6 36. Nxf3 Bg4 37. N1h2 Re3 38. Nxg4 Qxg4 39. Qxa6 Rfxf3 40. Qc8+ Qxc8 0-1

[Event "Oberliga Sued W 1819"]
[Site "Germany"]
[Date "2019.02.24"]
[Round "7.6"]
[White "Roos, Thomas"]
[Black "Giesler, Stephan"]
[Result "1-0"]
[WhiteElo "2142"]
[BlackElo "2090"]
[PlyCount "58"]
[EventDate "2018.10.21"]
[EventType "team-tourn"]
[EventRounds "9"]
[EventCountry "GER"]
[SourceTitle "EXT 2020"]
[Source "ChessBase"]
[SourceDate "2019.10.17"]
[SourceVersion "1"]
[SourceVersionDate "2019.10.17"]
[SourceQuality "1"]
[WhiteTeam "Heimbach Weis/Neuwied"]
[BlackTeam "Altenkirchen"]
[WhiteTeamCountry "GER"]
[BlackTeamCountry "GER"]

1. d4 Nf6 2. c4 g6 3. Nc3 Bg7 4. e4 d6 5. Be2 0-0 6. Nf3 e5 7. 0-0 Nc6 8. d5 Ne7 9. Nd2 Ne8 10. b4 f5 11. f3 Bh6 12. Nb3 Bxc1 13. Rxc1 Nf6 14. c5 Bd7 15. Na5 b6 16. Nc4 Be8 17. a4 Kh8 18. Qb3 g5 19. cxd6 cxd6 20. b5 Qc7 21. Qa3 Rd8 22. Rfd1 fxe4 23. fxe4 Nc8 24. Nxe5 Qe7 25. Nc6 Bxc6 26. dxc6 Nxe4 27. Nxe4 Qxe4 28. Qc3+ Qe5 29. Qxe5+ dxe5 1-0

[Event "Oberliga Sued W 1819"]
[Site "Germany"]
[Date "2018.11.25"]
[Round "3.6"]
[White "Roos, Thomas"]
[Black "Robert, Josef"]
[Result "1/2-1/2"]
[WhiteElo "2142"]
[BlackElo "1938"]
[PlyCount "52"]
[EventDate "2018.10.21"]
[EventType "team-tourn"]
[EventRounds "9"]
[EventCountry "GER"]
[SourceTitle "EXT 2020"]
[Source "ChessBase"]
[SourceDate "2019.10.17"]
[SourceVersion "1"]
[SourceVersionDate "2019.10.17"]
[SourceQuality "1"]
[WhiteTeam "Heimbach Weis/Neuwied"]
[BlackTeam "Winterbach Turm"]
[WhiteTeamCountry "GER"]
[BlackTeamCountry "GER"]

1. c4 Nf6 2. Nc3 e5 3. Nf3 Nc6 4. e3 d5 5. cxd5 Nxd5 6. Bb5 Nxc3 7. bxc3 Bd6 8. e4 0-0 9. 0-0 Bg4 10. Be2 Qe7 11. h3 Bxf3 12. Bxf3 Rfd8 13. Rb1 b6 14. Be2 Ba3 15. d3 Bxc1 16. Rxc1 Na5 17. Qc2 Qg5 18. Rcd1 c5 19. f4 exf4 20. Qc1 Rd6 21. Qxf4 Qxf4 22. Rxf4 Rad8 23. Kf2 f6 24. h4 Nc6 25. Rf3 Ne5 26. Rg3 Ng6 1/2-1/2

[Event "Oberliga Sued W 1819"]
[Site "Germany"]
[Date "2018.10.21"]
[Round "1.6"]
[White "Kargoll, Peter"]
[Black "Roos, Thomas"]
[Result "1/2-1/2"]
[WhiteElo "2164"]
[BlackElo "2142"]
[PlyCount "53"]
[EventDate "2018.10.21"]
[EventType "team-tourn"]
[EventRounds "9"]
[EventCountry "GER"]
[SourceTitle "EXT 2020"]
[Source "ChessBase"]
[SourceDate "2019.10.17"]
[SourceVersion "1"]
[SourceVersionDate "2019.10.17"]
[SourceQuality "1"]
[WhiteTeam "Frankenthal"]
[BlackTeam "Heimbach Weis/Neuwied"]
[WhiteTeamCountry "GER"]
[BlackTeamCountry "GER"]

1. d4 Nf6 2. Nf3 d6 3. c4 Nbd7 4. Nc3 e5 5. e4 Be7 6. Be2 0-0 7. 0-0 c6 8. Be3 a6 9. d5 cxd5 10. cxd5 b5 11. Nd2 Nxe4 12. Ncxe4 f5 13. a4 bxa4 14. Rxa4 f4 15. Nc4 fxe3 16. Nxe3 Nb6 17. Ra5 Rf4 18. f3 Nd7 19. Ra3 Qb6 20. g3 Rf8 21. Rb3 Qa7 22. Kg2 Nc5 23. Nxc5 Qxc5 24. Rc3 Qb4 25. Qc2 Rb8 26. Nd1 Bf5 27. Bd3 1/2-1/2

[Event "Rheinland Pfalz op 10th"]
[Site "Nickenich"]
[Date "2018.06.02"]
[Round "5"]
[White "Gruschinski, Rainer"]
[Black "Roos, Thomas"]
[Result "1/2-1/2"]
[WhiteElo "1966"]
[BlackElo "2200"]
[PlyCount "31"]
[EventDate "2018.05.31"]
[EventType "swiss"]
[EventRounds "7"]
[EventCountry "GER"]
[SourceTitle "EXT 2019"]
[Source "ChessBase"]
[SourceDate "2018.10.10"]
[SourceVersion "1"]
[SourceVersionDate "2018.10.10"]
[SourceQuality "1"]

1. e4 c5 2. Nc3 Nc6 3. f4 e6 4. Nf3 d6 5. Bb5 Bd7 6. d3 a6 7. Bxc6 Bxc6 8. 0-0 Nf6 9. Qe1 Be7 10. Ne2 c4 11. Ng3 cxd3 12. cxd3 Bb5 13. Qe2 0-0 14. Kh1 Nd7 15. Nd4 Bc6 16. f5 1/2-1/2

[Event "Oberliga Sued W 1718"]
[Site "Germany"]
[Date "2018.03.18"]
[Round "10.5"]
[White "Tabatt, Hendrik"]
[Black "Roos, Thomas"]
[Result "1-0"]
[WhiteElo "2318"]
[BlackElo "2197"]
[PlyCount "41"]
[EventDate "2017.09.10"]
[EventType "team-tourn"]
[EventRounds "11"]
[EventCountry "GER"]
[SourceTitle "EXT 2019"]
[Source "ChessBase"]
[SourceDate "2018.10.10"]
[SourceVersion "1"]
[SourceVersionDate "2018.10.10"]
[SourceQuality "1"]
[WhiteTeam "Schwarzenbach Caissa"]
[BlackTeam "Heimbach Weis/Neuwied"]
[WhiteTeamCountry "GER"]
[BlackTeamCountry "GER"]

1. d4 Nf6 2. Nc3 d5 3. Bg5 e6 4. e4 dxe4 5. Nxe4 Be7 6. Bxf6 Bxf6 7. Nf3 Nd7 8. Qd2 Be7 9. 0-0-0 Nf6 10. Bd3 Nxe4 11. Bxe4 0-0 12. Rhe1 c5 13. Qc3 Qb6 14. Ne5 f5 15. Bf3 cxd4 16. Rxd4 Bc5 17. Rc4 Bxf2 18. Re2 f4 19. Ree4 Bh4 20. Rcd4 Bf6 21. a4 1-0

[Event "Oberliga Sued W 1718"]
[Site "Germany"]
[Date "2017.10.08"]
[Round "2.6"]
[White "Kessler, Alexander"]
[Black "Roos, Thomas"]
[Result "1/2-1/2"]
[WhiteElo "1815"]
[BlackElo "2197"]
[PlyCount "81"]
[EventDate "2017.09.10"]
[EventType "team-tourn"]
[EventRounds "11"]
[EventCountry "GER"]
[SourceTitle "EXT 2019"]
[Source "ChessBase"]
[SourceDate "2018.10.10"]
[SourceVersion "1"]
[SourceVersionDate "2018.10.10"]
[SourceQuality "1"]
[WhiteTeam "Illingen Turm"]
[BlackTeam "Heimbach Weis/Neuwied"]
[WhiteTeamCountry "GER"]
[BlackTeamCountry "GER"]

1. d4 Nf6 2. Nf3 d6 3. c4 Nbd7 4. Nc3 e5 5. d5 Be7 6. e4 0-0 7. Be2 Ne8 8. Qc2 g6 9. 0-0 f5 10. b4 a5 11. bxa5 Rxa5 12. Ne1 Bg5 13. Nd3 Bxc1 14. Raxc1 f4 15. f3 g5 16. Nd1 h5 17. N1f2 Nef6 18. Rfe1 Rf7 19. Qc3 b6 20. Nb4 Qe8 21. Nc6 Ra8 22. a4 Nb8 23. Nxb8 Rxb8 24. a5 g4 25. Nd3 h4 26. Kh1 Kh7 27. axb6 cxb6 28. Rb1 Rbb7 29. Qa3 Qf8 30. Qa8 Rfc7 31. Qa3 h3 32. fxg4 hxg2+ 33. Kg1 Bxg4 34. Nxe5 Bxe2 35. Rxe2 Ra7 36. Qh3+ Qh6 37. Qf5+ Kg8 38. Ng4 Nxg4 39. Qxg4+ Rg7 40. Qc8+ Kh7 41. Qf5+ 1/2-1/2

[Event "Oberliga Sued W 1516"]
[Site "Germany"]
[Date "2016.02.21"]
[Round "7.4"]
[White "Roos, Thomas"]
[Black "Ollenberger, Roland"]
[Result "1-0"]
[WhiteElo "2225"]
[BlackElo "2287"]
[PlyCount "73"]
[EventDate "2015.09.20"]
[EventType "team-tourn"]
[EventRounds "9"]
[EventCountry "GER"]
[SourceTitle "EXT 2017"]
[Source "ChessBase"]
[SourceDate "2016.10.25"]
[SourceVersion "1"]
[SourceVersionDate "2016.10.25"]
[SourceQuality "1"]
[WhiteTeam "Heimbach Weis/Neuwied"]
[BlackTeam "Worms"]
[WhiteTeamCountry "GER"]
[BlackTeamCountry "GER"]

1. c4 g6 2. g3 Bg7 3. Bg2 Nc6 4. Nc3 d6 5. e4 e5 6. Nge2 f5 7. d3 Nf6 8. h3 Be6 9. Nd5 Bxd5 10. cxd5 Ne7 11. Qb3 Qb8 12. Qa4+ Nd7 13. Bg5 c5 14. Bxe7 Kxe7 15. exf5 gxf5 16. Qh4+ Nf6 17. Qg5 Qg8 18. Qxf5 Rf8 19. Nc3 Bh6 20. Rb1 a6 21. a4 b6 22. b4 Nd7 23. Qg4 Qxg4 24. hxg4 Bd2+ 25. Kxd2 Rxf2+ 26. Ke3 Rxg2 27. Ne4 cxb4 28. Rxb4 Ra2 29. Rh6 Rf8 30. Rxh7+ Kd8 31. g5 a5 32. Rb1 Rxa4 33. g6 Rg8 34. Rf1 Rxg6 35. Rff7 Rxe4+ 36. dxe4 Nf6 37. Rh8+ 1-0

[Event "Oberliga Sued W 1516"]
[Site "Germany"]
[Date "2015.12.13"]
[Round "4.3"]
[White "Roos, Thomas"]
[Black "Oberhofer, Andre"]
[Result "1-0"]
[WhiteElo "2225"]
[BlackElo "2298"]
[PlyCount "83"]
[EventDate "2015.09.20"]
[EventType "team-tourn"]
[EventRounds "9"]
[EventCountry "GER"]
[SourceTitle "CBM 170 Extra"]
[Source "ChessBase"]
[SourceDate "2016.02.25"]
[SourceVersion "1"]
[SourceVersionDate "2016.02.25"]
[SourceQuality "1"]
[WhiteTeam "Heimbach Weis/Neuwied"]
[BlackTeam "Schwarzenbach Caissa"]
[WhiteTeamCountry "GER"]
[BlackTeamCountry "GER"]

1. c4 Nf6 2. Nc3 e6 3. Nf3 d5 4. e3 Bd6 5. d4 c6 6. Bd3 Nbd7 7. e4 dxe4 8. Nxe4 Nxe4 9. Bxe4 Nf6 10. Bc2 Bb4+ 11. Bd2 Qa5 12. 0-0 Bxd2 13. Nxd2 Qb4 14. Bb3 c5 15. a3 Qb6 16. dxc5 Qxc5 17. Ba4+ Ke7 18. b4 Qd4 19. Qc1 Qf4 20. Qc3 Rd8 21. Nf3 Bd7 22. Bxd7 Rxd7 23. Rad1 Rad8 24. Rxd7+ Rxd7 25. c5 Rd5 26. Re1 Kf8 27. c6 Qc7 28. cxb7 Qxb7 29. Ne5 h6 30. h3 Kg8 31. Rc1 Ne8 32. Qc8 Qxc8 33. Rxc8 Kf8 34. Nc6 Rd3 35. a4 a6 36. Ra8 Rd6 37. Rxa6 Nc7 38. Rb6 Ke8 39. b5 Rd1+ 40. Kh2 Nd5 41. Rb7 Rb1 42. a5 1-0

[Event "Oberliga Sued W 1415"]
[Site "Germany"]
[Date "2014.09.21"]
[Round "1.4"]
[White "Roos, Thomas"]
[Black "Ziegler, Mario"]
[Result "1-0"]
[WhiteElo "2208"]
[BlackElo "2088"]
[PlyCount "81"]
[EventDate "2014.09.21"]
[EventType "team-tourn"]
[EventRounds "9"]
[EventCountry "GER"]
[SourceTitle "EXT 2019"]
[Source "ChessBase"]
[SourceDate "2018.10.10"]
[SourceVersion "1"]
[SourceVersionDate "2018.10.10"]
[SourceQuality "1"]
[WhiteTeam "Heimbach Weis/Neuwied"]
[BlackTeam "Illingen Turm"]
[WhiteTeamCountry "GER"]
[BlackTeamCountry "GER"]

1. d4 d5 2. c4 e6 3. Nf3 c6 4. e3 f5 5. g3 Nf6 6. Bg2 Bd6 7. 0-0 0-0 8. b3 Qe7 9. Bb2 b6 10. Nbd2 Bb7 11. Qe2 Nbd7 12. Ne5 c5 13. Rfd1 Rac8 14. a4 a5 15. Rac1 Ne4 16. Nxd7 Qxd7 17. Nxe4 fxe4 18. dxc5 bxc5 19. Qg4 Qf7 20. Rc2 Bb8 21. cxd5 exd5 22. Bxe4 h5 23. Qh3 Rcd8 24. Bh1 c4 25. Qf1 cxb3 26. Rcd2 h4 27. Bg2 hxg3 28. hxg3 Qe6 29. Qd3 Qb6 30. Bd4 Qc6 31. Qxb3 Kh8 32. Qb6 Bd6 33. Bxd5 Qxd5 34. Bxg7+ Kxg7 35. Rxd5 Bxd5 36. Rxd5 Be7 37. Qxa5 Rc8 38. Rd7 Rf7 39. Qe5+ Bf6 40. Rxf7+ Kxf7 41. Qd5+ 1-0

[Event "SVR-ch MTA 37th"]
[Site "Heimbach Weis"]
[Date "2014.04.12"]
[Round "2"]
[White "Roos, Thomas"]
[Black "Melnikov, Alexander"]
[Result "1-0"]
[WhiteElo "2199"]
[BlackElo "2108"]
[PlyCount "91"]
[EventDate "2014.04.11"]
[EventType "tourn"]
[EventRounds "9"]
[EventCountry "GER"]
[SourceTitle "CBM 160 Extra"]
[Source "ChessBase"]
[SourceDate "2014.07.01"]
[SourceVersion "1"]
[SourceVersionDate "2014.07.01"]
[SourceQuality "1"]

1. d4 d5 2. c4 e6 3. Nf3 c6 4. e3 Nf6 5. Nc3 Nbd7 6. Bd3 Bd6 7. e4 dxe4 8. Nxe4 Nxe4 9. Bxe4 Nf6 10. Bc2 Qa5+ 11. Bd2 Qh5 12. b4 0-0 13. 0-0 Ng4 14. h3 f5 15. hxg4 fxg4 16. Ne5 Rf3 17. Be4 Bxe5 18. dxe5 g3 19. fxg3 Rxf1+ 20. Qxf1 Qxe5 21. Re1 Qd4+ 22. Qf2 e5 23. Qxd4 exd4 24. Bd3 Kf7 25. Re4 Be6 26. Rxd4 b5 27. cxb5 cxb5 28. Be4 Rc8 29. a3 Rc7 30. Kf2 h6 31. Bd5 Rc2 32. Ke2 Kf6 33. Bxe6 Kxe6 34. Rd3 g5 35. Rc3 Ra2 36. g4 Kd5 37. Rh3 Kc4 38. Rxh6 Rxa3 39. Rc6+ Kd4 40. Rc5 a5 41. Rxb5 axb4 42. Rxb4+ Kc5 43. Re4 Kd5 44. Re3 Ra2 45. Re8 Ra3 46. Be3 1-0

[Event "SVR-ch MTA 37th"]
[Site "Heimbach Weis"]
[Date "2014.04.12"]
[Round "3"]
[White "Thieme Garmann, Alexander"]
[Black "Roos, Thomas"]
[Result "1/2-1/2"]
[WhiteElo "2053"]
[BlackElo "2199"]
[PlyCount "38"]
[EventDate "2014.04.11"]
[EventType "tourn"]
[EventRounds "9"]
[EventCountry "GER"]
[SourceTitle "CBM 160 Extra"]
[Source "ChessBase"]
[SourceDate "2014.07.01"]
[SourceVersion "1"]
[SourceVersionDate "2014.07.01"]
[SourceQuality "1"]

1. e4 c5 2. Nc3 Nc6 3. g3 g6 4. Bg2 Bg7 5. d3 d6 6. Be3 Nd4 7. Qd2 Qa5 8. h3 Rb8 9. Nge2 Nxe2 10. Kxe2 b5 11. Rhb1 e6 12. Kf1 Qc7 13. Kg1 Ne7 14. Bh6 0-0 15. Bxg7 Kxg7 16. Kh2 b4 17. Ne2 f5 18. Rf1 e5 19. f4 Bb7 1/2-1/2